000 00847nam a2200229Ii 4500
003 JO-AjNU
008 230605s9999||||xx |||||||||||||| ||und||
017 _a2008/17794
020 _a977-410-106-5
040 _aJO-AjNU
_bara
_erda
_cJO-AjNU
041 _aara
050 1 4 _aHD30.2.G4822.2009
100 3 _aغنيم، احمد محمد,
_eauthor
_944035
245 0 0 _aالادارة الالكترونية بين النظرية والتطبيق
264 3 1 _aالمنصورة:المكتبة العصرية للنشر والتوزيع،2009
300 _a201ص
336 _atext
_btxt
_2rdacontent
337 _aunmediated
_bn
_2rdamedia
338 _avolume
_bnc
_2rdacarrier
490 0 _aادارة الادارة للبحوث والتدريب والاستشارات4
650 4 _aادارة اعمال-معالجة بيانات
_944036
999 _aA18980
_c22548
_d22548